Communicación intercultural en la enseñanza del español para fines específicos

Salvato in:
Dettagli Bibliografici
Autore principale: Paľková, Jana
Natura: Capitolo di libro
Lingua:spagnolo
Tags: Aggiungi Tag
Nessun Tag, puoi essere il primo ad aggiungerne!!

MARC

LEADER 00000naa$a2200000$$$4500
001 0063627
005 20240502071733.1
041 0 |a spa 
044 |a SK 
245 1 0 |a Communicación intercultural en la enseñanza del español para fines específicos  |c Jana Paľková 
100 1 |a Paľková, Jana